000 01141nam a22002657a 4500
005 20090724135734.0
008 090608t xxu||||| |||| 00| j hin d
010 _aHIN-93392
020 _a9788190544993
_c200.00
035 _aHN-65738
037 _bDBAD / PUB
040 _aDPL
_bHN
082 _a921
100 _91372
_aकसवा राजेन्द्र
245 _aभगतसिंहःव्यक्तितत्व एवं विचार /
_cराजेन्द्र कसवा
260 _aजयपुर
_bबाजिया बुक
_c2011
270 _aमकान नं. 430, दूसरी मंजिल,चांदपोल बाजार
_bजयपुर
_e302003 (राज.)
_k0141- 2317611
300 _a184पृ.
_c22सेमी (सजिल्द)
650 _91169
650 _930030
700 _929841
942 _2ddc
_cHN
_mकसवा
_h921
999 _c54323
_d54323